000 02078aam a2200373 i 4500
001 768714001
003 CO-MdFUSB
005 20250909155837.0
007 ta
008 250429t2007 -us |||| |||| 00| 0 spa d
020 _a978-0-311-46320-6
040 _cCO-MdFUSB
041 0 _aspa
082 0 4 _223
_a239
_bM1382c
100 1 _aMcDowell, Josh
_eautor
240 _aBeyond belief to convictions
245 1 0 _aConvicciones más que creencias :
_blo que usted necesita saber para ayudar a los jóvenes a enfrentar con firmeza los retos de la cultura de hoy
_c/ Josh D. McDowell , Bob Hostetler ; traducido por Josie de Smith
250 _asegunda edición
264 1 _bMundo Hispano,
_aEl Paso, TX., USA :
_c[2007]
264 4 _c©2007
300 _a333 páginas
336 _atexto
_btxt
_2rdacontent
337 _2rdamedia
_asin mediación
_bn
338 _2rdacarrier
_avolumen
_bnc
505 _gPrimera parte:
_tPérdida de convicciones : una condición de nuestra cultura:
_aCreencias en crisis. -- De las creencias a las convicciones.
_gSegunda parte:
_tLa deidad y la encarnación: Dios quiere una relación con nosotros:
_aLa verdad acerca de la verdad. -- ¿Hasta qué punto son ciertas las afirmaciones de Cristo? -- El significado relacional de la encarnación. -- Cómo conectar relacionalmente al desconectado. -- Celebración a la encarnación.
_gTercera parte:
_tLa Biblia: Dios quiere que lo conozcamos y que seamos como él:
_aLa Biblia: relacional y digna de confianza. -- El significado de la Palabra de DIos para nuestra vida. -- Cómo interpretar las palabras de Dios.
_gCuarta parte:
_tLa resurrección: Dios quiere que confiemos en él pase lo que pase:
_aLa celebración de la revelación. -- Porque él vive. -- El caso de la tumba vacía. -- Nuestra misión en la vida.
563 _aPasta dura
650 7 _aApologética
_9187
650 7 _aPostmodernismo
_9261
650 7 _aCristianismo
_922
700 _aHostetler, Bob,
_910740
_eautor
700 _aSmith, Josie H. de
_95387
_etraductor
942 _cBK
945 _aJTF-925
999 _c37665
_d37665